Swiss Arms Sturmgewehr SG 751, aneb, Osobní "dělostřelectvo" přichází

Bibliographic Details
Main Author: Pekařík, Jaroslav (Author)
Format: Article
Language:Czech
ISSN:1212-5210
Subjects:
Online Access:http://www.rf-hobby.cz

MARC

LEADER 00000nab a2200000 a 4500
001 vtls010312043
003 SK-MaSNL
005 20260304204304.0
008 110920 2011 xo m p 000 0 cze
015 |a SNBRB2011/09  |2 lmaosk 
040 |a LMAOSK  |b slo  |c LMAOSK  |e AACR2 
041 |a cze 
044 |a xo  |c SK 
080 |a 623.442  |2 1981 
100 1 |a Pekařík, Jaroslav  |4 aut  |9 1039518 
245 1 0 |a Swiss Arms Sturmgewehr SG 751, aneb, Osobní "dělostřelectvo" přichází  |c Jaroslav Pekařík 
500 |a Obsahuje technické údaje 
650 0 7 |a strelné zbrane  |2 lmaosk  |9 68540 
650 0 7 |a palné zbrane  |2 lmaosk  |9 86626 
650 0 7 |a ručné palné zbrane  |2 lmaosk  |9 28981 
650 0 7 |a útočné pušky  |2 lmaosk  |9 866336 
650 0 7 |a Swiss Arms SG 751 (samonabíjacie pušky)  |2 lmaosk  |9 1537455 
773 0 |t Zbraně & náboje : časopis muže, který zná svůj cíl  |g Roč. XIII, č. 9 (2011), s. 10-[15]  |x 1212-5210 
852 |a LMAOSK  |b KIS3GCP 
856 4 1 |u http://www.rf-hobby.cz 
958 |a NB 
999 |c 3115234  |d 3117164